|
|
|
|
| LEADER |
00000nam0a2200000 4500 |
| 001 |
233160 |
| 005 |
20231101231227.0 |
| 035 |
|
|
|a (RuTPU)RU\TPU\book\254228
|
| 090 |
|
|
|a 233160
|
| 100 |
|
|
|a 20130228d1934 km y0rusy50 ca
|
| 101 |
0 |
|
|a rus
|
| 102 |
|
|
|a RU
|
| 105 |
|
|
|a a z 001zy
|
| 200 |
1 |
|
|a Механические свойства и испытания древесины
|f Л. М. Перелыгин, А. Х. Певцов
|
| 210 |
|
|
|a Москва
|c Гослестехиздат
|d 1934
|
| 215 |
|
|
|a 488 с.
|c ил.
|
| 320 |
|
|
|a Библиогр.: с. 475-485.
|
| 606 |
1 |
|
|a Древесина
|x Физико-механические свойства
|2 stltpush
|3 (RuTPU)RU\TPU\subj\10124
|9 37253
|
| 610 |
1 |
|
|a растяжение
|
| 610 |
1 |
|
|a сжатие
|
| 610 |
1 |
|
|a сдвиг
|
| 610 |
1 |
|
|a кручение
|
| 610 |
1 |
|
|a изгиб
|
| 610 |
1 |
|
|a испытательные машины
|
| 610 |
1 |
|
|a сопротивление
|
| 610 |
1 |
|
|a скалывание
|
| 610 |
1 |
|
|a изнашивание
|
| 610 |
1 |
|
|a фанера
|
| 610 |
1 |
|
|a испытания
|
| 675 |
|
|
|a 674.03
|v 3
|
| 700 |
|
1 |
|a Перелыгин
|b Л. М.
|
| 701 |
|
1 |
|a Певцов
|b А. Х.
|
| 801 |
|
1 |
|a RU
|b 63413507
|c 20130228
|
| 801 |
|
2 |
|a RU
|b 63413507
|c 20130318
|g RCR
|
| 942 |
|
|
|c BK
|